000 00865nam a2200421Ia 4500
001 153190
003 247294
005 20240715175136.0
008 ||||||n9999 ||| || ||
041 _aspa
082 _a946.08
100 _aSueiro, Daniel
_9190021
245 0 _aRescoldos de la España negra
562 _e1
650 _aESPAÑA--ENSAYOS
_9190264
650 _aESPAÑA--HISTORIA
_9155781
942 _cBKM
999 _c153190
_d153190
526 _a
526 _a17598
526 _a102617
526 _a102618
526 _a15794
526 _a102619
526 _a1703
526 _a102620
526 _a10406
526 _a105630
526 _a1698
526 _a116204
526 _a51868
526 _a4969
526 _a19790
526 _a104436
526 _a5144
526 _a1697
526 _a3899
526 _a9683